| 000 | 00534cam a2200205ua 4500 | ||
|---|---|---|---|
| 001 | 6512 | ||
| 005 | 20260515114049.0 | ||
| 008 | 131216n ii |||gr||||Z||||||eng | ||
| 040 | _cMAIN | ||
| 082 | _a346.07 | ||
| 245 |
_aCommercial and Industrial law _cBy H.K. Saharay |
||
| 250 | _a4th ed. | ||
| 260 |
_aCalcutta: _bNew central book agency, _c1992. |
||
| 300 | _axx,768p. | ||
| 653 | _aCommerce | ||
| 653 | _aCommercial and Industrial law | ||
| 700 |
_aSaharay,H.K., _eAuthor., |
||
| 700 | 1 |
_aSaharay,H.K., _eAuthor. |
|
| 942 | _cBK | ||
| 999 |
_c5656 _d5656 |
||